|
|
|
|
| LEADER |
00697nam a22002292a 4500 |
| 001 |
001244910 |
| 003 |
CZ BrMZK |
| 005 |
20130430074113.0 |
| 007 |
ta |
| 008 |
120831s1974 xo af er 000 0 slo d |
| 040 |
|
|
|a ABA001
|b cze
|c ABA001
|d BOA001
|
| 100 |
1 |
|
|a Dunajovec, Jozef,
|d 1933-2007
|7 jn19990009533
|4 aut
|
| 245 |
1 |
0 |
|a Po ľuďoch stopy /
|c Jozef Dunajovec
|
| 250 |
|
|
|a 1. vyd. v Smene
|
| 260 |
|
|
|a Bratislava :
|b Smena,
|c 1974
|
| 300 |
|
|
|a 190 s., obr. příl.
|
| 490 |
1 |
|
|a Aktuality
|
| 830 |
|
0 |
|a Aktuality (Smena)
|
| 910 |
|
|
|a BOA001
|b 2-0731.960
|
| 990 |
|
|
|a BK
|
| 991 |
|
|
|b 201208
|
| 996 |
7 |
|
|b 2619639804
|c 2-0731.960
|l Sklad H1
|r Sklad / do 24 hodin
|n 0
|h HS212
|w 001278899
|u 000010
|a 1
|e BOA001
|j MZK50
|s A
|